| 000 | 00746nam a22001697a 4500 | ||
|---|---|---|---|
| 003 | NUST | ||
| 082 | _a621.382,ZAM | ||
| 100 |
_aZameer, Tahir _9132903 |
||
| 245 |
_aAn 8-Antenna element MIMO system for compact and thin 5G mobile / _cTahir Zameer, Sibghatullah, Faizan Sabir and Khizar Raees (BETE-53) |
||
| 260 |
_aRawalpindi _bMCS (NUST) _cJuly, 2020 |
||
| 300 | _axiv66 p.; | ||
| 505 | _aIntroduction (Page-1), Background to Thesis (Pae-26), Literature Review (Page-30), Antenna Development and Design (Page-38), Antenna Measurements and Results (Page-46), Conclusion & Future Works (Page-57). | ||
| 650 |
_aUG Project _9131132 |
||
| 651 |
_aBETE-53 _9132872 |
||
| 700 |
_aSupervised by Dr. Muhammad Zeeshan Zahid _9132904 |
||
| 942 |
_2ddc _cPR |
||
| 999 |
_c615924 _d615924 |
||